000 003000000a22001450004500
003 MACL
040 _aMACL
090 _c8719
_d8718
100 _aAdiga, Aravind
245 _aThe White Tiger
260 _bHarper Collins Publishers
_c2009
350 _a395
650 _aFicition
942 _cBOOK
_k823
999 _c8664
_d8664